MARU report.

Bibliographic Details
Corporate Author: Oregon State University. Marine Anthropological Research Unit
Format: Journal
Language:English
Published: Corvallis : Marine Anthropological Research Unit, Department of Anthropology, Oregon State University, [1971-]
Subjects:

MARC

Tag First Indicator Second Indicator Subfields
LEADER 00000cas a2200000 a 4500
001 in00000077584
005 20151008053802.0
008 820217u19719999oruuu p 0uuua0eng u
035 |a (OCoLC)08163129 
035 |9 AAH8633AM 
040 |a TXA  |c TXA  |d UtOrBLW 
049 |a TXAE 
090 |a GN386  |b .M27 
245 0 0 |a MARU report. 
264 1 |a Corvallis :  |b Marine Anthropological Research Unit, Department of Anthropology, Oregon State University,  |c [1971-] 
300 |a volumes :  |b illustrations ;  |c 28 cm. 
336 |a text  |b txt  |2 rdacontent 
337 |a unmediated  |b n  |2 rdamedia 
338 |a volume  |b nc  |2 rdacarrier 
362 0 |a 1 (Sept. 1971)- 
500 |a Title from cover. 
650 0 |a Maritime anthropology. 
710 2 |a Oregon State University.  |b Marine Anthropological Research Unit. 
999 |a MARS 
999 f f |s 17d5d799-07f7-3956-b134-b09d034e7ded  |i 395d8a38-8d69-3a93-9251-ec6baf525244  |t 0 
952 f f |a Texas A&M University  |b Rellis Campus  |c Joint Library Facility  |d Remote Storage  |e GN386 .M27  |h Library of Congress classification  |i unmediated -- volume  |k no.1  |l 1971  |m A14808748845  |p ric  |s JLF  |t 0 
998 f f |a GN386 .M27  |s v.1 (1971)  |t 0  |l Remote Storage